[Event "EU Corporate-ch"]
[Site "Rotterdam"]
[Date "2022.06.19"]
[Round "8"]
[White "Haast, Mark"]
[Black "Werksma, Arie"]
[Result "1-0"]
[WhiteElo "2414"]
[BlackElo "2196"]
[PlyCount "77"]
[EventDate "2022.06.18"]
[EventType "team-tourn (rapid)"]
[EventRounds "9"]
[EventCountry "NED"]
[SourceTitle "EXT 2023"]
[Source "ChessBase"]
[SourceDate "2022.10.05"]
[SourceVersion "1"]
[SourceVersionDate "2022.10.05"]
[SourceQuality "1"]

1. c4 Nf6 2. g3 d6 3. Bg2 Nbd7 4. Nc3 e5 5. d3 Be7 6. e4 0-0 7. Nge2 c6 8. 0-0 a6 9. a4 a5 10. h3 Nc5 11. Be3 Nfd7 12. Rb1 Qc7 13. b3 Na6 14. Qd2 Ndc5 15. d4 exd4 16. Nxd4 Bd7 17. Rfd1 Rad8 18. Kh2 Bc8 19. Nce2 Nb4 20. Nc2 Nxc2 21. Qxc2 Bf6 22. Nf4 g6 23. Nd3 b6 24. f4 Bg7 25. Nxc5 dxc5 26. Rxd8 Rxd8 27. Rd1 Bd4 28. Bc1 Qe7 29. Rf1 f6 30. Qe2 Kg7 31. Qf3 Bd7 32. Rd1 Be8 33. Re1 b5 34. h4 bxc4 35. bxc4 Bf7 36. Bf1 Qb7 37. e5 fxe5 38. fxe5 Be6 39. Qd1 1-0

[Event "EU Corporate-ch"]
[Site "Rotterdam"]
[Date "2022.06.19"]
[Round "5"]
[White "Schelvis, Richard"]
[Black "Haast, Mark"]
[Result "1/2-1/2"]
[WhiteElo "2157"]
[BlackElo "2414"]
[PlyCount "92"]
[EventDate "2022.06.18"]
[EventType "team-tourn (rapid)"]
[EventRounds "9"]
[EventCountry "NED"]
[SourceTitle "EXT 2023"]
[Source "ChessBase"]
[SourceDate "2022.10.05"]
[SourceVersion "1"]
[SourceVersionDate "2022.10.05"]
[SourceQuality "1"]

1. d4 Nf6 2. Nf3 e6 3. g3 b5 4. Qd3 b4 5. c4 bxc3 6. Nxc3 c5 7. Bg2 Bb7 8. 0-0 cxd4 9. Qxd4 Nc6 10. Qa4 Be7 11. Bf4 0-0 12. Rad1 Qb6 13. Be3 Qa6 14. Nd4 Qxa4 15. Nxa4 d5 16. Rc1 Rfc8 17. Nc5 Nxd4 18. Bxd4 Bc6 19. Rfd1 a5 20. Rc2 Bxc5 21. Bxc5 Ba4 22. b3 Bb5 23. Rdc1 a4 24. e3 axb3 25. axb3 Ne4 26. Bxe4 dxe4 27. b4 Bd3 28. Rc3 f5 29. h4 Kf7 30. Bd4 Rxc3 31. Rxc3 Ra1+ 32. Kg2 Rb1 33. Rc7+ Ke8 34. g4 fxg4 35. Rxg7 Rxb4 36. Rxg4 h5 37. Rg8+ Kd7 38. Rg7+ Kd6 39. Rg5 Rb7 40. Rxh5 Be2 41. Rg5 Bf3+ 42. Kg3 Rb1 43. Ra5 Rg1+ 44. Kh2 Rh1+ 45. Kg3 Rg1+ 46. Kh2 Rh1+ 1/2-1/2

[Event "EU Corporate-ch"]
[Site "Rotterdam"]
[Date "2022.06.19"]
[Round "6"]
[White "Van Wely, Loek"]
[Black "Haast, Mark"]
[Result "1/2-1/2"]
[WhiteElo "2618"]
[BlackElo "2414"]
[PlyCount "99"]
[EventDate "2022.06.18"]
[EventType "team-tourn (rapid)"]
[EventRounds "9"]
[EventCountry "NED"]
[SourceTitle "EXT 2023"]
[Source "ChessBase"]
[SourceDate "2022.10.05"]
[SourceVersion "1"]
[SourceVersionDate "2022.10.05"]
[SourceQuality "1"]

1. d4 Nf6 2. c4 e6 3. Nf3 Bb4+ 4. Nbd2 d6 5. g3 Nbd7 6. Bg2 e5 7. 0-0 0-0 8. a3 Bxd2 9. Bxd2 a5 10. dxe5 dxe5 11. Bc3 Qe7 12. b4 Ne4 13. Be1 axb4 14. axb4 Rxa1 15. Qxa1 Re8 16. Nd2 Nxd2 17. Bxd2 c6 18. Qa7 f6 19. b5 cxb5 20. cxb5 e4 21. Rc1 Qe6 22. Be3 f5 23. h3 h5 24. Bd4 h4 25. Qa8 Nf6 26. Qb8 Nd5 27. e3 hxg3 28. Qxg3 Qf7 29. Qb8 Be6 30. Qd6 Qd7 31. Qg3 Re7 32. Bf1 f4 33. exf4 Nxf4 34. Qxf4 Qxd4 35. Bg2 Rf7 36. Qe3 Qxe3 37. fxe3 Rf5 38. Rb1 Re5 39. b6 Bd5 40. Rb5 Kf7 41. Kf2 Kf6 42. Kg3 Bc6 43. Rb4 Rg5+ 44. Kf2 Rf5+ 45. Ke1 Rg5 46. Bf1 Rg3 47. Kf2 Rf3+ 48. Ke2 Rg3 49. Kf2 Rf3+ 50. Ke2 1/2-1/2

[Event "EU Corporate-ch"]
[Site "Rotterdam"]
[Date "2022.06.18"]
[Round "3"]
[White "Warmerdam, Max"]
[Black "Haast, Mark"]
[Result "1-0"]
[WhiteElo "2614"]
[BlackElo "2414"]
[PlyCount "67"]
[EventDate "2022.06.18"]
[EventType "team-tourn (rapid)"]
[EventRounds "9"]
[EventCountry "NED"]
[SourceTitle "EXT 2023"]
[Source "ChessBase"]
[SourceDate "2022.10.05"]
[SourceVersion "1"]
[SourceVersionDate "2022.10.05"]
[SourceQuality "1"]

1. e4 c5 2. Nf3 Nc6 3. Bb5 g6 4. 0-0 Bg7 5. c3 Nf6 6. d4 d5 7. e5 Ne4 8. Be3 cxd4 9. cxd4 0-0 10. Bxc6 bxc6 11. Qc1 Qb6 12. Nc3 Nxc3 13. Qxc3 f6 14. Rac1 Bd7 15. h3 g5 16. Rfe1 a5 17. Bd2 g4 18. e6 gxf3 19. exd7 e5 20. Qxc6 Qxc6 21. Rxc6 Rfd8 22. Rd6 Ra7 23. dxe5 fxe5 24. Rxd5 a4 25. Bc3 Rdxd7 26. Rxd7 Rxd7 27. gxf3 a3 28. bxa3 Rd3 29. Re3 Rd1+ 30. Kg2 Rd5 31. a4 Kf7 32. a5 Kg6 33. Re4 Rd6 34. Rg4+ 1-0

[Event "NED-chT 1920"]
[Site "Netherlands"]
[Date "2019.11.23"]
[Round "3.4"]
[White "De Groote, Jesper"]
[Black "Haast, Mark"]
[Result "1-0"]
[WhiteElo "2206"]
[BlackElo "2413"]
[PlyCount "137"]
[EventDate "2019.09.28"]
[EventType "team-tourn"]
[EventRounds "9"]
[EventCountry "NED"]
[SourceTitle "CBM 193 Extra"]
[Source "ChessBase"]
[SourceDate "2020.01.31"]
[SourceVersion "1"]
[SourceVersionDate "2020.01.31"]
[SourceQuality "1"]
[WhiteTeam "BSG"]
[BlackTeam "Leiden LSG"]
[WhiteTeamCountry "NED"]
[BlackTeamCountry "NED"]

1. e4 c5 2. Nf3 Nc6 3. Bb5 g6 4. 0-0 Bg7 5. Re1 Nf6 6. h3 0-0 7. Bxc6 dxc6 8. d3 Ne8 9. a4 a5 10. Na3 Nc7 11. Nc4 Ne6 12. Bd2 b6 13. Nh2 Ba6 14. Rb1 Qc7 15. b3 Bc8 16. Ng4 h5 17. Nge3 Nf4 18. Qf3 e5 19. Bc1 Be6 20. Nd2 Rfd8 21. Ndf1 Rab8 22. Ba3 Bc8 23. Ng3 Ne6 24. Bc1 Nd4 25. Qd1 Qe7 26. Nc4 Ne6 27. Bd2 Ba6 28. Qc1 Kh7 29. Nf1 f6 30. Kh2 Qf8 31. Ng3 Bh6 32. Bxh6 Qxh6 33. Qxh6+ Kxh6 34. Ne2 Kg7 35. g3 Nd4 36. Nxd4 cxd4 37. f4 exf4 38. gxf4 Kf7 39. Rg1 Bxc4 40. bxc4 c5 41. h4 Rg8 42. Kg3 f5 43. Rge1 Rge8 44. Kf3 Re6 45. Re2 fxe4+ 46. Rxe4 Rf6 47. Rbe1 Rb7 48. Re8 Kg7 49. R1e7+ Rf7 50. Rxb7 Rxb7 51. Re6 Kf7 52. f5 gxf5 53. Rc6 Re7 54. Rxb6 Re3+ 55. Kf4 Re2 56. Kxf5 Rf2+ 57. Ke5 Rh2 58. Rb5 Rxh4 59. Rxc5 Kg6 60. Rxa5 Rh2 61. Ra6+ Kg5 62. Ra8 Rxc2 63. Rg8+ Kh4 64. Kxd4 Ra2 65. Kd5 Rxa4 66. d4 Ra3 67. c5 Rg3 68. Rxg3 Kxg3 69. c6 1-0

[Event "Barcelona Sants op 21st"]
[Site "Barcelona"]
[Date "2019.08.27"]
[Round "5"]
[White "Cruz Estrada, Filemon"]
[Black "Haast, Mark"]
[Result "0-1"]
[WhiteElo "2309"]
[BlackElo "2413"]
[PlyCount "60"]
[EventDate "2019.08.23"]
[EventType "swiss"]
[EventRounds "10"]
[EventCountry "ESP"]
[SourceTitle "EXT 2020"]
[Source "ChessBase"]
[SourceDate "2019.10.17"]
[SourceVersion "1"]
[SourceVersionDate "2019.10.17"]
[SourceQuality "1"]

1. c4 g6 2. e4 e5 3. Nc3 Bg7 4. g3 d6 5. Bg2 Nc6 6. Nge2 f5 7. d3 Nf6 8. 0-0 0-0 9. Rb1 f4 10. gxf4 Nh5 11. fxe5 dxe5 12. f3 Nf4 13. Nxf4 exf4 14. Ne2 g5 15. b3 Be6 16. Ba3 Rf7 17. Qd2 Qd7 18. Kh1 Rd8 19. Rbd1 Nd4 20. Nxd4 Bxd4 21. Bb2 b6 22. Qc2 c5 23. Rd2 Qd6 24. Bxd4 Qxd4 25. Rg1 Rg7 26. h3 h5 27. Bf1 g4 28. hxg4 hxg4 29. Rh2 g3 30. Rh6 Qf6 0-1

[Event "Barcelona Sants op 21st"]
[Site "Barcelona"]
[Date "2019.08.26"]
[Round "4"]
[White "Haast, Mark"]
[Black "Martens, Martin"]
[Result "1/2-1/2"]
[WhiteElo "2413"]
[BlackElo "2364"]
[PlyCount "82"]
[EventDate "2019.08.23"]
[EventType "swiss"]
[EventRounds "10"]
[EventCountry "ESP"]
[SourceTitle "EXT 2020"]
[Source "ChessBase"]
[SourceDate "2019.10.17"]
[SourceVersion "1"]
[SourceVersionDate "2019.10.17"]
[SourceQuality "1"]

1. c4 g6 2. g3 Bg7 3. Bg2 d6 4. Nc3 Nf6 5. e3 0-0 6. Nge2 e5 7. 0-0 Re8 8. e4 Be6 9. d3 Qd7 10. f4 Bg4 11. f5 gxf5 12. h3 Bxe2 13. Qxe2 f4 14. gxf4 exf4 15. Bxf4 Nc6 16. Be3 Rf8 17. d4 Ne8 18. Rad1 Ne7 19. e5 Ng6 20. Ne4 dxe5 21. dxe5 Qe7 22. Bc5 Qxe5 23. Bxf8 Nxf8 24. Rd5 Qe7 25. Qh5 f6 26. Qf5 c6 27. Rd3 Rd8 28. Rfd1 Rxd3 29. Rxd3 Nc7 30. h4 Qb4 31. Rg3 Qxb2 32. h5 Nce6 33. Kh2 Kh8 34. Nd6 Ng5 35. Qc8 Qe5 36. Qc7 Kg8 37. h6 Bxh6 38. Qf7+ Kh8 39. Qh5 Qxd6 40. Qxh6 Ng6 41. Qh5 Kg7 1/2-1/2

[Event "Barcelona Sants op 21st"]
[Site "Barcelona"]
[Date "2019.08.23"]
[Round "1"]
[White "Scarpa, Silvia"]
[Black "Haast, Mark"]
[Result "0-1"]
[WhiteElo "2032"]
[BlackElo "2413"]
[PlyCount "54"]
[EventDate "2019.08.23"]
[EventType "swiss"]
[EventRounds "10"]
[EventCountry "ESP"]
[SourceTitle "EXT 2020"]
[Source "ChessBase"]
[SourceDate "2019.10.17"]
[SourceVersion "1"]
[SourceVersionDate "2019.10.17"]
[SourceQuality "1"]

1. e4 c5 2. Nc3 Nc6 3. Bb5 Nd4 4. Nf3 a6 5. Bc4 b5 6. Nxd4 cxd4 7. Bd5 Rb8 8. Ne2 Nf6 9. Nxd4 e6 10. Bb3 Nxe4 11. 0-0 Nc5 12. d3 Qc7 13. Re1 Nxb3 14. axb3 Bd6 15. Qh5 0-0 16. Re4 g6 17. Rg4 Be5 18. Bh6 Bxd4 19. Bxf8 Kxf8 20. Qxh7 Bxb2 21. Re1 Bg7 22. h4 Qxc2 23. h5 Qd2 24. Ree4 Qc1+ 25. Kh2 Qh6 26. Qxh6 Bxh6 27. hxg6 f5 0-1

[Event "Maastricht Limburg op 13th"]
[Site "Maastricht"]
[Date "2019.06.09"]
[Round "5"]
[White "Haast, Mark"]
[Black "Schoppen, Casper"]
[Result "1/2-1/2"]
[WhiteElo "2392"]
[BlackElo "2464"]
[PlyCount "49"]
[EventDate "2019.06.07"]
[EventType "swiss"]
[EventRounds "7"]
[EventCountry "NED"]
[SourceTitle "CBM 190 Extra"]
[Source "ChessBase"]
[SourceDate "2019.07.15"]
[SourceVersion "1"]
[SourceVersionDate "2019.07.15"]
[SourceQuality "1"]

1. c4 e5 2. g3 Nf6 3. Bg2 d5 4. cxd5 Nxd5 5. Nf3 Nc6 6. 0-0 Be7 7. d4 e4 8. Ne5 f5 9. Nxc6 bxc6 10. Qc2 0-0 11. Qxc6 Rb8 12. Nc3 Nb4 13. Qa4 Bd7 14. Qd1 Be6 15. f3 c5 16. d5 Nxd5 17. Nxd5 Qxd5 18. Qxd5 Bxd5 19. fxe4 Bxe4 20. Bxe4 fxe4 21. Rxf8+ Kxf8 22. b3 c4 23. Bf4 Rb4 24. bxc4 Rxc4 25. Rc1 1/2-1/2

[Event "Maastricht Limburg op 13th"]
[Site "Maastricht"]
[Date "2019.06.08"]
[Round "3"]
[White "Haast, Mark"]
[Black "Tomov, Georgi"]
[Result "1-0"]
[WhiteElo "2392"]
[BlackElo "2328"]
[PlyCount "45"]
[EventDate "2019.06.07"]
[EventType "swiss"]
[EventRounds "7"]
[EventCountry "NED"]
[SourceTitle "CBM 190 Extra"]
[Source "ChessBase"]
[SourceDate "2019.07.15"]
[SourceVersion "1"]
[SourceVersionDate "2019.07.15"]
[SourceQuality "1"]

1. c4 e6 2. g3 d5 3. Bg2 Nf6 4. Nf3 dxc4 5. 0-0 a6 6. a4 Nc6 7. Na3 Bxa3 8. Rxa3 Rb8 9. b3 cxb3 10. Rxb3 b5 11. axb5 axb5 12. Qc2 Bd7 13. Bb2 Na5 14. Rd3 Nc4 15. Ne5 Nxb2 16. Qxb2 Rb6 17. Bc6 0-0 18. Bxd7 Qa8 19. Rc1 Ra6 20. Bc6 Qa7 21. Qxb5 Ra5 22. Qb2 h6 23. Bf3 1-0

[Event "Karlsruhe Grenke op"]
[Site "Karlsruhe"]
[Date "2019.04.22"]
[Round "8"]
[White "Haast, Mark"]
[Black "Schmider, Niklas"]
[Result "1-0"]
[WhiteElo "2381"]
[BlackElo "2260"]
[PlyCount "127"]
[EventDate "2019.04.18"]
[EventType "swiss"]
[EventRounds "9"]
[EventCountry "GER"]
[SourceTitle "CBM 189 Extra"]
[Source "ChessBase"]
[SourceDate "2019.06.03"]
[SourceVersion "1"]
[SourceVersionDate "2019.06.03"]
[SourceQuality "1"]

1. c4 c5 2. g3 Nc6 3. Bg2 g6 4. Nc3 Bg7 5. Nf3 e6 6. d4 cxd4 7. Nb5 d5 8. cxd5 Qa5+ 9. Nd2 Qxb5 10. dxc6 Ne7 11. a4 Qb6 12. cxb7 Bxb7 13. Nc4 Qb4+ 14. Bd2 Qxc4 15. Bxb7 Rb8 16. Rc1 Qa2 17. Ba6 0-0 18. b4 Qa3 19. Bc4 Rfc8 20. 0-0 Nd5 21. Bxd5 exd5 22. Bf4 Ra8 23. Rb1 Rc4 24. Qb3 Qxb3 25. Rxb3 Re8 26. a5 a6 27. b5 axb5 28. Rxb5 h6 29. Rb8 Rxb8 30. Bxb8 d3 31. exd3 Rb4 32. Ba7 Ra4 33. Bb6 Bc3 34. Rc1 Bxa5 35. Rc8+ Kg7 36. Ra8 Ra1+ 37. Kg2 Bc3 38. Rd8 Ra6 39. Bc5 Kf6 40. Rxd5 Ke6 41. Rd8 f5 42. d4 Ra2 43. d5+ Kf7 44. Rf8+ Kg7 45. Rc8 Be5 46. Re8 Bf6 47. Rb8 Rc2 48. Rb7+ Kg8 49. Be3 g5 50. d6 Rc8 51. d7 Rd8 52. Bb6 Rf8 53. Bc5 Rd8 54. Kf3 h5 55. Ke3 Kh8 56. Bd4 f4+ 57. gxf4 gxf4+ 58. Ke4 Bxd4 59. Kxd4 Kg7 60. Ke5 Kf7 61. Kd6 Kf6 62. Rc7 Ra8 63. Rc8 Ra6+ 64. Kc5 1-0

[Event "Karlsruhe Grenke op"]
[Site "Karlsruhe"]
[Date "2019.04.21"]
[Round "7"]
[White "Werle, Jan"]
[Black "Haast, Mark"]
[Result "1-0"]
[WhiteElo "2556"]
[BlackElo "2381"]
[PlyCount "67"]
[EventDate "2019.04.18"]
[EventType "swiss"]
[EventRounds "9"]
[EventCountry "GER"]
[SourceTitle "CBM 189 Extra"]
[Source "ChessBase"]
[SourceDate "2019.06.03"]
[SourceVersion "1"]
[SourceVersionDate "2019.06.03"]
[SourceQuality "1"]

1. Nf3 Nf6 2. c4 e6 3. Nc3 Bb4 4. Qc2 d5 5. a3 Be7 6. d4 0-0 7. Bg5 h6 8. Bh4 b6 9. cxd5 exd5 10. e3 Bb7 11. Bd3 Nbd7 12. 0-0 a6 13. Rad1 Ne8 14. Bg3 Nd6 15. Ne5 Nf6 16. Ne2 Rc8 17. Nc6 Qd7 18. Rc1 Nc4 19. Ne5 Nxe5 20. Bf5 Qxf5 21. Qxf5 Nc4 22. Qc2 Ne4 23. b3 Nxa3 24. Qxc7 Rxc7 25. Rxc7 Nd2 26. Rd1 Bb4 27. Rxb7 b5 28. Nf4 Nxb3 29. Nxd5 a5 30. Nxb4 axb4 31. Bd6 Na5 32. Ra7 Nc6 33. Ra6 Rc8 34. d5 1-0

[Event "Karlsruhe Grenke op"]
[Site "Karlsruhe"]
[Date "2019.04.20"]
[Round "5"]
[White "Carlo, Emanuele"]
[Black "Haast, Mark"]
[Result "0-1"]
[WhiteElo "2195"]
[BlackElo "2381"]
[PlyCount "186"]
[EventDate "2019.04.18"]
[EventType "swiss"]
[EventRounds "9"]
[EventCountry "GER"]
[SourceTitle "CBM 189 Extra"]
[Source "ChessBase"]
[SourceDate "2019.06.03"]
[SourceVersion "1"]
[SourceVersionDate "2019.06.03"]
[SourceQuality "1"]

1. e4 c5 2. Nf3 Nc6 3. Bb5 g6 4. Bxc6 dxc6 5. 0-0 Bg7 6. h3 Nf6 7. d3 Nd7 8. Nc3 e5 9. a4 Nf8 10. Be3 Ne6 11. Nd2 0-0 12. Nc4 b6 13. Ne2 a5 14. f4 exf4 15. Nxf4 b5 16. Na3 Nxf4 17. Bxf4 Ba6 18. c3 b4 19. Nc4 bxc3 20. bxc3 Bxc4 21. dxc4 Bxc3 22. Rc1 Qxd1 23. Rfxd1 Bd4+ 24. Kf1 f5 25. Bd6 Rf6 26. e5 Re6 27. Rb1 Rae8 28. Rb7 g5 29. Ra7 Bc3 30. Rb1 Bb4 31. Kf2 h5 32. h4 gxh4 33. Rh1 Bc3 34. Rxh4 Rxd6 35. exd6 Be1+ 36. Kf3 Bxh4 37. Rxa5 Kf7 38. Rxc5 Ke6 39. Rxc6 Ra8 40. d7+ Kxd7 41. Rh6 Be7 42. Rxh5 Ke6 43. g4 fxg4+ 44. Kxg4 Rxa4 45. Kf4 Rxc4+ 46. Ke3 Bf6 47. Ra5 Be5 48. Kd3 Rd4+ 49. Ke3 Kf5 50. Ra8 Rc4 51. Rf8+ Bf6 52. Kd3 Rc3+ 53. Kd2 Rh3 54. Ke2 Ke5 55. Kd2 Bg5+ 56. Ke2 Bf4 57. Re8+ Kf5 58. Ra8 Be5 59. Ra4 Rb3 60. Kd2 Ke6 61. Kc2 Rc3+ 62. Kd2 Rh3 63. Ra8 Kd5 64. Kc2 Rc3+ 65. Kd2 Ke4 66. Re8 Rb3 67. Rc8 Rh3 68. Re8 Rh2+ 69. Kd1 Kd4 70. Rd8+ Ke4 71. Rd2 Rh3 72. Re2+ Kd4 73. Rd2+ Kc4 74. Rg2 Bf4 75. Rg8 Rh2 76. Rc8+ Kd3 77. Rd8+ Ke4 78. Re8+ Kf3 79. Rd8 Ra2 80. Rd7 Ke4 81. Re7+ Be5 82. Re8 Kd4 83. Rd8+ Ke3 84. Kc1 Bd4 85. Rg8 Kd3 86. Rg3+ Be3+ 87. Kb1 Rh2 88. Rg8 Bf4 89. Rc8 Be5 90. Rc2 Rh7 91. Rg2 Ra7 92. Ra2 Rb7+ 93. Kc1 Bf4+ 0-1

[Event "NED-chT 1819"]
[Site "Netherlands"]
[Date "2019.03.16"]
[Round "7.3"]
[White "Burg, Twan"]
[Black "Haast, Mark"]
[Result "1/2-1/2"]
[WhiteElo "2517"]
[BlackElo "2354"]
[PlyCount "79"]
[EventDate "2018.09.15"]
[EventType "team-tourn"]
[EventRounds "9"]
[EventCountry "NED"]
[SourceTitle "CBM 189 Extra"]
[Source "ChessBase"]
[SourceDate "2019.06.03"]
[SourceVersion "1"]
[SourceVersionDate "2019.06.03"]
[SourceQuality "1"]
[WhiteTeam "Calder HMC"]
[BlackTeam "De Stukkenjagers"]
[WhiteTeamCountry "NED"]
[BlackTeamCountry "NED"]

1. e4 g6 2. d4 d6 3. Nf3 Bg7 4. c3 Nf6 5. Bd3 0-0 6. 0-0 Nc6 7. h3 e5 8. Re1 h6 9. Na3 Nh5 10. Nc2 Bd7 11. b4 Qf6 12. Bf1 Rad8 13. Ne3 Ne7 14. Ng4 Bxg4 15. hxg4 Nf4 16. d5 g5 17. g3 Nfg6 18. Be3 Nc8 19. c4 Nge7 20. Nd2 Qg6 21. a4 Kh7 22. Be2 Ng8 23. Rc1 Nf6 24. Bf3 Rh8 25. Kg2 Kg8 26. Rh1 Bf8 27. Qe2 Kg7 28. Rh2 Be7 29. Rch1 Rh7 30. Qd3 Rdh8 31. Nf1 c5 32. b5 Kf8 33. Bd2 Ke8 34. Ne3 Bf8 35. Nf5 Ng8 36. Kf1 Nce7 37. a5 Kd8 38. Be3 Nxf5 39. gxf5 Qg7 40. a6 1/2-1/2

[Event "NED-chT 1819"]
[Site "Netherlands"]
[Date "2019.02.09"]
[Round "6.2"]
[White "Haast, Mark"]
[Black "Johannessen, Leif Erlend"]
[Result "1/2-1/2"]
[WhiteElo "2354"]
[BlackElo "2449"]
[PlyCount "47"]
[EventDate "2018.09.15"]
[EventType "team-tourn"]
[EventRounds "9"]
[EventCountry "NED"]
[SourceTitle "CBM 189 Extra"]
[Source "ChessBase"]
[SourceDate "2019.06.03"]
[SourceVersion "1"]
[SourceVersionDate "2019.06.03"]
[SourceQuality "1"]
[WhiteTeam "De Stukkenjagers"]
[BlackTeam "Zuid Limburg"]
[WhiteTeamCountry "NED"]
[BlackTeamCountry "NED"]

1. c4 e6 2. g3 Nf6 3. Bg2 d5 4. Nf3 dxc4 5. 0-0 c6 6. Qc2 b5 7. a4 Bb7 8. b3 cxb3 9. Qxb3 a6 10. Ne5 Nfd7 11. Nd3 Be7 12. Nc3 Qb6 13. Ba3 b4 14. a5 Qc7 15. Nxb4 Ra7 16. Nd3 c5 17. Bxb7 c4 18. Qa4 Bxa3 19. Bg2 cxd3 20. Qxa3 Qc5 21. exd3 0-0 22. Rfb1 Qd4 23. Ne4 Ne5 24. Qc5 1/2-1/2

[Event "NED-chT 1819"]
[Site "Netherlands"]
[Date "2018.10.06"]
[Round "2.1"]
[White "Pruijssers, Roeland"]
[Black "Haast, Mark"]
[Result "1-0"]
[WhiteElo "2506"]
[BlackElo "2354"]
[PlyCount "105"]
[EventDate "2018.09.15"]
[EventType "team-tourn"]
[EventRounds "9"]
[EventCountry "NED"]
[SourceTitle "CBM 187 Extra"]
[Source "ChessBase"]
[SourceDate "2018.11.04"]
[SourceVersion "1"]
[SourceVersionDate "2018.11.04"]
[SourceQuality "1"]
[WhiteTeam "Apeldoorn MuConsult"]
[BlackTeam "De Stukkenjagers"]
[WhiteTeamCountry "NED"]
[BlackTeamCountry "NED"]

1. e4 c5 2. Nc3 Nc6 3. g3 g6 4. Bg2 Bg7 5. d3 d6 6. Nge2 e6 7. 0-0 Nge7 8. Bg5 h6 9. Be3 Nd4 10. Qd2 Bd7 11. Rab1 Bc6 12. b4 b6 13. f4 Qd7 14. Bf2 Nxe2+ 15. Nxe2 0-0 16. c4 d5 17. cxd5 exd5 18. e5 cxb4 19. Qxb4 Bb7 20. Nc3 Rfc8 21. Nb5 Nf5 22. g4 Bf8 23. Qd2 Ng7 24. h3 h5 25. Qe2 hxg4 26. hxg4 Ne6 27. Qf3 Bc6 28. Nd4 Nxd4 29. Bxd4 Bc5 30. Bxc5 d4 31. Qh3 bxc5 32. Rb2 Rab8 33. Bxc6 Qxc6 34. Re2 Kg7 35. f5 Rh8 36. f6+ Kg8 37. Qg2 Qe6 38. Qg3 Rb6 39. Rc1 g5 40. Qf3 Rh4 41. Qa8+ Kh7 42. Qe4+ Kh6 43. Rh2 Rb2 44. Rxh4+ gxh4 45. Rf1 Qxa2 46. g5+ Kh5 47. Qh7+ Kg4 48. Qf5+ Kh5 49. g6+ Kh6 50. Qf4+ Kxg6 51. Qg4+ Kh6 52. Qg7+ Kh5 53. Rf5# 1-0

[Event "NED-chT 1819"]
[Site "Netherlands"]
[Date "2018.09.15"]
[Round "1.5"]
[White "Haast, Mark"]
[Black "Nijboer, Friso"]
[Result "1-0"]
[WhiteElo "2354"]
[BlackElo "2495"]
[PlyCount "79"]
[EventDate "2018.09.15"]
[EventType "team-tourn"]
[EventRounds "9"]
[EventCountry "NED"]
[SourceTitle "CBM 186 Extra"]
[Source "ChessBase"]
[SourceDate "2018.08.24"]
[SourceVersion "1"]
[SourceVersionDate "2018.08.24"]
[SourceQuality "1"]
[WhiteTeam "De Stukkenjagers"]
[BlackTeam "En Passant"]
[WhiteTeamCountry "NED"]
[BlackTeamCountry "NED"]

1. Nf3 d6 2. g3 g6 3. Bg2 Bg7 4. 0-0 Nf6 5. c4 0-0 6. Nc3 Nc6 7. Rb1 a5 8. a3 e5 9. d3 h6 10. b4 axb4 11. axb4 Be6 12. b5 Ne7 13. Bb2 Re8 14. Qc2 Qd7 15. Rfc1 Bh3 16. Bh1 Ng4 17. Ra1 Rab8 18. Ra7 Nc8 19. Ra2 f5 20. Nd2 Kh7 21. Rca1 c6 22. Qa4 Ne7 23. Qa7 d5 24. bxc6 Nxc6 25. Qb6 dxc4 26. Nxc4 e4 27. Nb5 exd3 28. Bxg7 Qxg7 29. exd3 Re6 30. Bxc6 Rxc6 31. Qd4 Qe7 32. f3 Rd8 33. Qa7 Rxd3 34. Re2 Qg7 35. Rae1 Rxf3 36. Nd4 Rxc4 37. Nxf3 Rc7 38. Qa3 Rf7 39. Re7 Kg8 40. Qa8+ 1-0

[Event "Vlissingen HZ op 22nd"]
[Site "Vlissingen"]
[Date "2018.08.08"]
[Round "6"]
[White "Haast, Mark"]
[Black "Ikonnikov, Vyacheslav"]
[Result "0-1"]
[WhiteElo "2350"]
[BlackElo "2546"]
[PlyCount "122"]
[EventDate "2018.08.04"]
[EventType "swiss"]
[EventRounds "9"]
[EventCountry "NED"]
[SourceTitle "CBM 185 Extra"]
[Source "ChessBase"]
[SourceDate "2018.07.29"]
[SourceVersion "1"]
[SourceVersionDate "2018.07.29"]
[SourceQuality "1"]

1. Nf3 Nf6 2. c4 g6 3. g3 Bg7 4. Bg2 0-0 5. 0-0 d6 6. d4 Nc6 7. Nc3 a6 8. d5 Nb8 9. e4 Bg4 10. h3 Bxf3 11. Bxf3 Nfd7 12. Be3 c6 13. Be2 cxd5 14. exd5 a5 15. Qd2 Na6 16. Rab1 Nac5 17. b3 Rc8 18. Rfc1 f5 19. f4 h6 20. Kh2 Kh7 21. Bf3 Rf7 22. Nb5 Nf6 23. Bxc5 dxc5 24. Re1 Ne8 25. Re6 Nc7 26. Nxc7 Qxc7 27. Qe2 Bf6 28. a3 Kg7 29. Kg2 Rff8 30. Re1 Rcd8 31. Qd2 Rd6 32. R6e3 h5 33. R1e2 Rf7 34. Qe1 Ra6 35. a4 Rd6 36. g4 fxg4 37. hxg4 hxg4 38. Bxg4 Rd8 39. Be6 Rff8 40. Qg3 Rh8 41. Qxg6+ Kxg6 42. Rg3+ Bg5 43. Rxg5+ Kf6 44. Rf5+ Kg7 45. Rg5+ Kf8 46. Kf3 Ke8 47. Reg2 Rf8 48. f5 Rd6 49. Rg8 Rxe6 50. Rxf8+ Kxf8 51. fxe6 Qb6 52. Rb2 Qb4 53. Ke4 Qc3 54. Rf2+ Ke8 55. Rf3 Qc2+ 56. Ke5 Qe2+ 57. Kf4 Kd8 58. Re3 Qd2 59. Ke4 Kc7 60. Kf3 Kd6 61. Ke4 b5 0-1

[Event "Metz 4th"]
[Site "Metz"]
[Date "2018.07.28"]
[Round "8"]
[White "Haast, Mark"]
[Black "Gatineau, Yovann"]
[Result "1-0"]
[WhiteElo "2356"]
[BlackElo "2373"]
[PlyCount "105"]
[EventDate "2018.07.23"]
[EventType "tourn"]
[EventRounds "9"]
[EventCountry "FRA"]
[EventCategory "4"]
[SourceTitle "CBM 185 Extra"]
[Source "ChessBase"]
[SourceDate "2018.07.29"]
[SourceVersion "1"]
[SourceVersionDate "2018.07.29"]
[SourceQuality "1"]

1. e4 c5 2. c3 d5 3. exd5 Qxd5 4. d4 Nc6 5. Nf3 Bf5 6. Be3 Nf6 7. Na3 cxd4 8. Bc4 Qd7 9. Nxd4 Nxd4 10. Bxd4 a6 11. Qb3 e6 12. 0-0-0 Qc6 13. Nb5 Nd7 14. Rhe1 Nc5 15. Bxc5 Bxc5 16. Nd4 Bxd4 17. Bd5 Qb6 18. Rxd4 Qxb3 19. Bxb3 Rd8 20. Rb4 Rd7 21. Rd1 b5 22. a4 Bd3 23. axb5 axb5 24. Bc2 Bxc2 25. Kxc2 Rb7 26. c4 Ke7 27. Rxb5 Rxb5 28. cxb5 Rb8 29. Kc3 Rxb5 30. b4 Rb8 31. Kc4 Rc8+ 32. Kb3 Rb8 33. f4 f6 34. g3 g6 35. Ra1 Rb7 36. Kc4 e5 37. fxe5 fxe5 38. b5 Ke6 39. Ra6+ Kf5 40. b6 e4 41. h3 e3 42. Kd3 Re7 43. Ra5+ Kf6 44. Ke2 Rb7 45. Rb5 Ke6 46. Kxe3 Kd6 47. Kd4 Kc6 48. Kc4 Kd6 49. Rb2 Kd7 50. Kc5 Kc8 51. Ra2 g5 52. Ra8+ Kd7 53. Ra7 1-0